[Event "Hampshire-chB"]
[White "Sawers, Kevin"]
[Black "Stout, Nick"]
[Site "Fareham"]
[Round "5"]
[Result "0-1"]
[Date "2022.11.06"]
[WhiteElo "1658"]
[BlackElo "1735"]
[PlyCount "62"]
[EventDate "2022.11.04"]
[EventType "swiss"]
[EventRounds "6"]
[EventCountry "ENG"]
[SourceTitle "EXT 2024"]
[Source "ChessBase"]
[SourceDate "2023.10.10"]
[SourceVersion "1"]
[SourceVersionDate "2023.10.10"]
[SourceQuality "1"]

1. e4 d5 2. exd5 Qxd5 3. Nf3 Nf6 4. c4 Qe4+ 5. Be2 Bf5 6. Nc3 Qc2 7. Qxc2 Bxc2 8. Nd4 Be4 9. 0-0 Nc6 10. Nxc6 Bxc6 11. d4 e6 12. f3 Be7 13. Be3 0-0 14. a3 a5 15. Bd3 Rfd8 16. Ne4 b6 17. g4 Rd7 18. g5 Nxe4 19. Bxe4 Bxe4 20. fxe4 Re8 21. Rad1 c6 22. h4 f6 23. d5 exd5 24. Bxb6 Rb7 25. Bxa5 Bc5+ 26. Kh1 Rxb2 27. gxf6 Rxe4 28. f7+ Kf8 29. Rd2 Rxh4+ 30. Kg2 Rxd2+ 31. Bxd2 Rxc4 0-1